Gminy powiatu wieruszowskiego - Statystyki

Ogólne statystyki
  • Ten quiz został rozwiązany 38 razy
  • Średni wynik to 6 z 7
Statystyki odpowiedzi
Rodzaj Nazwa % Poprawnych
Miejsko-wiejska Wieruszów
95%
Miejsko-wiejska Lututów
90%
Miejsko-wiejska Bolesławiec
81%
Wiejska Galewice
81%
Wiejska Sokolniki
76%
Wiejska Czastary
71%
Wiejska Łubnice
67%
Nie znaleziono quizów pasujących do podanych kryteriów
Rozkład punktacji
Procent ludzi z każdym wynikiem
Percentyl według liczby udzielonych odpowiedzi
Twoja historia wyników
Nie rozwiązałeś tego quizu